| 000 | 01396cam a2200385 a 4500 | ||
|---|---|---|---|
| 001 | 15124384 | ||
| 003 | OSt | ||
| 005 | 20140310184436.0 | ||
| 008 | 071231r20082007nyu j 000 1 eng | ||
| 010 | _a 2007046493 | ||
| 020 | _a9780545051644 | ||
| 040 |
_aDLC _cDLC _dDLC |
||
| 042 | _alcac | ||
| 050 | 0 | 0 |
_aPZ 7 _b.D6475Fe 2010 |
| 100 | 1 |
_aD'Lacey, Chris. _924502 |
|
| 245 | 1 | 4 |
_aThe fire eternal / _cChris D'Lacey. |
| 250 | _a1st Scholastic ed. | ||
| 260 |
_aNew York : _bOrchard Books, _c2010 |
||
| 300 |
_a506 p. ; _c20 cm. |
||
| 500 | _aSequel to: Fire star. | ||
| 500 | _aSequel: Dark fire. | ||
| 520 | _aAs the weather grows wilder and the ice caps melt, Arctic bears starve, dragons awake, the earth goddess Gaia becomes restless, and Alexa, the daughter of best-selling author David Rain, uses her special abilities in an attempt to save the world from the forces of evil. | ||
| 521 | _aG4 | ||
| 526 | _c680 | ||
| 562 | _e1 | ||
| 650 | 1 |
_aSupernatural _vFiction. _927230 |
|
| 650 | 1 |
_aDragons _vFiction. _927231 |
|
| 650 | 1 |
_aClimatic changes _vFiction. _927232 |
|
| 650 | 1 |
_aEnvironmental degradation _vFiction. _927233 |
|
| 651 | 1 |
_aArctic Regions _vFiction. _927234 |
|
| 906 |
_a7 _bcbc _corignew _d1 _eecip _f20 _gy-gencatlg |
||
| 942 |
_2lcc _cBK-SCHOLAS |
||
| 999 |
_c34394 _d34394 |
||